00000000nam##2200000za#4500
0019.680735
003CaOODSP
00520200401055707
007ta
008150407|1999||||xxc|||||     f|0| 0 fre|d
020 |a0-662-83648-0
040 |aCaOODSP|bfre
043 |an-cn---
0861 |aH76-58/1999F
1101 |aCanada.|bDéveloppement des ressources humaines Canada. |bProgramme de la sécurité de la veillesse.
24510|aPension de la sécurité de la vieillesse
260 |aOttawa - Ontario : |bDéveloppement des ressources humaines Canada. |c1999.
300 |a26p. ; |c22 cm.
563 |aCouverture souple
590 |a00-24|b2000-06-16
69107|aSécurité du revenu|2gcpds
69107|aPension|2gcpds
77508|tOld age security pension |w(CaOODSP)9.647310
986 |aISPB-185-03-99F